书目信息 |
| 题名: |
电影名片论析
|
|
| 作者: | 连文光 著 | |
| 分册: | ||
| 出版信息: | 广州 暨南大学出版社 1995 |
|
| 页数: | 353页 | |
| 开本: | 19cm | |
| 丛书名: | ||
| 单 册: | ||
| 中图分类: | J905.1 | |
| 科图分类: | ||
| 主题词: | 电影评论--世界 | |
| 电子资源: | ||
| ISBN: | 7-81029-428-8 | |
| 000 | 00775nam0 2200241 45 | |
| 001 | 0900000028979 | |
| 005 | 20051122085320.23 | |
| 010 | @a7-81029-428-8@dCNY13.50 | |
| 092 | @aCN | |
| 100 | @a20050415e19961995ekmy0chiy0120 ea | |
| 101 | 0 | @achi |
| 102 | @aCN@b440000 | |
| 105 | @ay z 000yy | |
| 200 | 1 | @a电影名片论析@9dian ying ming pian lun xi@f连文光著@Flian wen guang zhu |
| 210 | @a广州@c暨南大学出版社@d1995@h1996重印 | |
| 215 | @a353页@d19cm | |
| 330 | @a本书介绍了一些外国和中国的影片,还叙述了一些影坛掌故和电影艺术家的生平,选材跨度从20年代到90年代,连同它丰富的艺术论述内涵。 | |
| 606 | 0 | @a电影评论@y世界 |
| 690 | @aJ905.1@v4 | |
| 701 | 0 | @a连文光@Alian wen guang@4著 |
| 801 | 0 | @aCN@bTSSF@c20051122 |
| 905 | @a10447@dJ905.1@e113 | |
| 999 | @aAFJ@eJDD | |
| 电影名片论析/连文光著.-广州:暨南大学出版社,1995(1996重印) |
| 353页;19cm |
| ISBN 7-81029-428-8:CNY13.50 |
| 本书介绍了一些外国和中国的影片,还叙述了一些影坛掌故和电影艺术家的生平,选材跨度从20年代到90年代,连同它丰富的艺术论述内涵。 |
| ● |
| 相关链接 |
|
|
|
|
正题名:电影名片论析
索取号:J905.1/113
 
预约/预借
| 序号 | 登录号 | 条形码 | 馆藏地/架位号 | 状态 | 备注 |
| 1 | 0368610 | 203686109 | 第一样本阅览室/ [索取号:J905.1/113] | 在馆 | |
| 2 | 0368611 | 203686118 | 第一借阅区/ [索取号:J905.1/113] | 在馆 | |
| 3 | 0368612 | 203686127 | 第一借阅区/ [索取号:J905.1/113] | 在馆 | |
| 4 | 0368613 | 203686136 | 第一借阅区/ [索取号:J905.1/113] | 在馆 | |
| 5 | 0368614 | 203686145 | 第一借阅区/ [索取号:J905.1/113] | 在馆 | |
| 6 | 0368615 | 203686154 | 第一借阅区/ [索取号:J905.1/113] | 在馆 | |
| 7 | 0368616 | 203686163 | 第一借阅区/ [索取号:J905.1/113] | 在馆 | |
| 8 | 0368617 | 203686172 | 第一借阅区/ [索取号:J905.1/113] | 在馆 |